000 00693nam a2200277Ia 4500
001 4347
003 8555
005 20250303211427.0
008 ||||||n9999 ||| || ||
020 _a9682309999
041 _aspa
082 _219
_a335
100 _aBarreiro, Julio
_94225
245 0 _aLos molinos de la ira
_bpronostico sobre la situacion de America Latina
260 _aMéxico :
_bSiglo Veintiuno Editores,
_c1980.
300 _a266p
490 _aSociología y política
562 _e1
650 0 _aEmpresas multinacionales
_97870
650 0 _aLuchas sociales
_92040
942 _cBKM
942 _cBKM
999 _c4347
_d4347
526 _a4969
526 _a51868
526 _a1697